000 00699cam a22002413a 4500
001 18029
003 PGUSA
005 20140828083402.0
008 060320s2006||||xxu|||||s|||||000 | eng d
040 _aPGUSA
_beng
042 _adc
050 4 _aPQ
100 1 _aChevalier, H. Emile
_q(Henri Emile),
_d1828-1879
245 1 0 _aLes derniers Iroquois
_h[electronic resource] /
_cH. Emile Chevalier
260 _bProject Gutenberg,
_c2006
506 _aPublic domain in the USA.
516 _aElectronic text
653 _aIndians of North America -- Canada
653 _aIroquois Indians
830 0 _aProject Gutenberg
_v18029
856 4 0 _uhttp://www.gutenberg.org/ebooks/18029
942 _cEB
999 _c247284
_d247284